[Event "37. Copenhagen Open (Politiken Cup)"]
[Site "Elsinore"]
[Date "2015.07.31"]
[Round "8"]
[White "Jensen, Tobias Ilsoe"]
[Black "Hansen, Tommy"]
[Result "1-0"]
[WhiteElo "2014"]
[BlackElo "1837"]
[PlyCount "99"]
[EventDate "2015.07.25"]
[EventType "swiss"]
[EventRounds "10"]
[EventCountry "DEN"]
[Source "ChessBase"]
[SourceDate "2015.09.14"]

1. d4 d5 2. c4 Nc6 3. cxd5 Qxd5 4. Nf3 e5 5. Nc3 Bb4 6. Bd2 Bxc3 7. bxc3 Bg4 8.
Nxe5 Nxe5 9. dxe5 Qxe5 10. Qa4+ Bd7 11. Qd4 Qxd4 12. cxd4 Nf6 13. f3 Bb5 14.
Rb1 Ba6 15. e4 Bxf1 16. Rxf1 O-O-O 17. Be3 Rhe8 18. Ke2 Rd6 19. Rfc1 Ra6 20.
Rc2 Ree6 21. d5 Re7 22. Kf2 Ne8 23. g4 h6 24. h4 f6 25. Rb3 g5 26. Kg3 Nd6 27.
Bd4 Nf7 28. Rcb2 Nd6 29. Rc2 Rf7 30. Re3 Kd7 31. Rh2 Ra4 32. Ba1 b5 33. Ree2
Ra3 34. Bd4 a6 35. Re3 Rxe3 36. Bxe3 Nc4 37. Bd4 Nd6 38. hxg5 hxg5 39. Rh6 Ke7
40. Rh8 a5 41. Kf2 Kd7 42. Rh6 Ne8 43. Ke3 c6 44. dxc6+ Kxc6 45. e5 Re7 46. Kd3
Kd5 47. exf6 Rf7 48. Rg6 Kc6 49. Rxg5 Nxf6 50. Rg6 1-0

[Event "37. Copenhagen Open (Politiken Cup)"]
[Site "Elsinore"]
[Date "2015.07.31"]
[Round "8"]
[White "Jepsen, Thomas Tange"]
[Black "Hedin, Niclas"]
[Result "1-0"]
[WhiteElo "2115"]
[BlackElo "1922"]
[PlyCount "95"]
[EventDate "2015.07.25"]
[EventType "swiss"]
[EventRounds "10"]
[EventCountry "DEN"]
[Source "ChessBase"]
[SourceDate "2015.09.14"]

1. d4 Nf6 2. c4 e6 3. Nc3 Bb4 4. e3 c5 5. Bd3 O-O 6. Nge2 cxd4 7. exd4 d5 8.
O-O dxc4 9. Bxc4 Nbd7 10. Qb3 Bxc3 11. bxc3 Qa5 12. Ba3 Re8 13. Bb4 Qh5 14. Ng3
Qh4 15. f3 b6 16. Rfe1 a5 17. Bd6 Bb7 18. Bb5 Rec8 19. Rac1 Nf8 20. Bd3 Nd5 21.
c4 Nf4 22. Be4 Bxe4 23. Rxe4 Nd3 24. Qxb6 Qh6 25. Rc2 f5 26. Ree2 f4 27. Ne4 e5
28. Qb5 Ne6 29. dxe5 Kh8 30. Qd5 Rab8 31. Bxb8 Rxb8 32. Rb2 Nxb2 33. Rxb2 Rd8
34. Nd6 Qh4 35. Qd2 Rf8 36. Qf2 Qh5 37. Rb5 Qg6 38. Qd2 Ng5 39. Kh1 h6 40. c5
Qh5 41. Qd5 Qg6 42. Qd1 Rd8 43. c6 Ne4 44. fxe4 f3 45. Qxf3 Rxd6 46. Qf8+ Kh7
47. exd6 Qg5 48. Qf5+ 1-0

[Event "37. Copenhagen Open (Politiken Cup)"]
[Site "Elsinore"]
[Date "2015.07.31"]
[Round "8"]
[White "Jepson, Christian"]
[Black "Jorgensen, Dennis"]
[Result "1-0"]
[WhiteElo "2428"]
[BlackElo "2253"]
[PlyCount "87"]
[EventDate "2015.07.25"]
[EventType "swiss"]
[EventRounds "10"]
[EventCountry "DEN"]
[Source "ChessBase"]
[SourceDate "2015.09.14"]

1. Nf3 Nf6 2. c4 c6 3. Nc3 d5 4. d4 a6 5. c5 g6 6. Bf4 Nh5 7. Bg5 Bg7 8. h3 h6
9. Bd2 Qc7 10. e3 Nd7 11. Be2 Nhf6 12. b4 O-O 13. O-O e5 14. dxe5 Nxe5 15. Nd4
Re8 16. Re1 Ned7 17. a3 Ne4 18. Nxe4 dxe4 19. Qc2 Nf6 20. Bc3 Bd7 21. Rad1 Rad8
22. Nb3 Be6 23. Qb2 Bxb3 24. Qxb3 Nd5 25. Bxg7 Kxg7 26. Bc4 Nf6 27. Qc3 Re7 28.
Bb3 Red7 29. Rxd7 Rxd7 30. Bc2 Re7 31. Rd1 Qe5 32. Qxe5 Rxe5 33. Rd4 a5 34. Kf1
axb4 35. axb4 Kf8 36. Ke2 Rg5 37. Kf1 Re5 38. Ke2 Rg5 39. Rd8+ Kg7 40. Rb8 b5
41. cxb6 Nd7 42. Rb7 Nf6 43. Ba4 c5 44. Rxf7+ 1-0

[Event "37. Copenhagen Open (Politiken Cup)"]
[Site "Elsinore"]
[Date "2015.07.31"]
[Round "8"]
[White "Jernselius, Kjell"]
[Black "Molin, Claus"]
[Result "1/2-1/2"]
[WhiteElo "1768"]
[BlackElo "1990"]
[PlyCount "164"]
[EventDate "2015.07.25"]
[EventType "swiss"]
[EventRounds "10"]
[EventCountry "DEN"]
[Source "ChessBase"]
[SourceDate "2015.09.14"]

1. d4 Nf6 2. Nf3 e6 3. Bg5 c5 4. e3 Qb6 5. Qc1 Ne4 6. Bf4 d5 7. c3 Bd7 8. Nfd2
Nf6 9. Qc2 Nc6 10. h3 Rc8 11. dxc5 Bxc5 12. Qb3 O-O 13. Qxb6 Bxb6 14. Na3 a6
15. Be2 Bc5 16. Nc2 b5 17. O-O Be7 18. Nd4 Na5 19. Be5 Ne8 20. N4b3 Nc6 21. Bg3
Nf6 22. Nd4 Nxd4 23. exd4 a5 24. Rac1 b4 25. c4 dxc4 26. Bxc4 Bc6 27. Ba6 Bd7
28. Bxc8 Bxc8 29. Bh4 h6 30. Nc4 Ba6 31. Rfe1 g5 32. Bg3 Rd8 33. Nxa5 Bb5 34.
Nc6 Bxc6 35. Rxc6 Rxd4 36. Be5 Rd2 37. Rc8+ Kh7 38. Rec1 Nd5 39. Rh8+ Kg6 40.
Rhc8 f6 41. Bb8 Rxb2 42. R8c2 Rxc2 43. Rxc2 h5 44. Ba7 Bd6 45. Rc6 Be5 46. Rxe6
Nc3 47. Ra6 Kf5 48. Bc5 Nd5 49. Ra4 Bc3 50. Kf1 Ke6 51. Ke2 Nf4+ 52. Kd1 Nxg2
53. Bxb4 Bd4 54. Be1 Kd5 55. Ra3 Nf4 56. Bc3 Bxf2 57. Bxf6 g4 58. hxg4 hxg4 59.
Ra4 Nh5 60. Ra5+ Ke6 61. Rxh5 Kxf6 62. Ke2 g3 63. Kf3 Ke6 64. Rg5 Kd7 65. Rg6
Kc7 66. Ke4 Kb7 67. Kd5 Be1 68. Kc5 Bf2+ 69. Kb5 Be1 70. a4 Bf2 71. Rg7+ Kb8
72. a5 Ka8 73. Ka6 Kb8 74. Kb5 Ka8 75. Kc6 Kb8 76. Rg8+ Ka7 77. Kc7 Be1 78. Kc6
Bf2 79. a6 Kxa6 80. Ra8+ Ba7 81. Rg8 Bf2 82. Rg4 Ka5 1/2-1/2

[Event "37. Copenhagen Open (Politiken Cup)"]
[Site "Elsinore"]
[Date "2015.07.31"]
[Round "8"]
[White "Johannesen, Lars Peter Meldgaar"]
[Black "Rasmussen, Lars"]
[Result "0-1"]
[WhiteElo "1718"]
[BlackElo "1953"]
[PlyCount "128"]
[EventDate "2015.07.25"]
[EventType "swiss"]
[EventRounds "10"]
[EventCountry "DEN"]
[Source "ChessBase"]
[SourceDate "2015.09.14"]

1. e4 e5 2. Bc4 Nf6 3. d3 c6 4. Nc3 d5 5. exd5 cxd5 6. Bb5+ Bd7 7. Bxd7+ Nbxd7
8. Bg5 Bb4 9. a3 Bxc3+ 10. bxc3 Rc8 11. Ne2 O-O 12. Qb1 b6 13. O-O h6 14. Bd2
Re8 15. Qb4 Nc5 16. a4 e4 17. d4 Nb7 18. Nf4 Na5 19. Rfe1 Nc4 20. Be3 Qc7 21.
Bc1 Ng4 22. g3 Nf6 23. Ng2 Re6 24. h3 Rc6 25. Bf4 Qd7 26. g4 Nd6 27. Bxd6 Rxd6
28. Ne3 Rdc6 29. Ra3 Qc7 30. Nd1 Qf4 31. Ne3 g6 32. a5 h5 33. axb6 axb6 34.
Rea1 hxg4 35. Nxg4 Nxg4 36. hxg4 Qxg4+ 37. Kf1 Kg7 38. Ra8 Rxa8 39. Rxa8 Qd1+
40. Kg2 Qf3+ 41. Kg1 Kh6 42. Rh8+ Kg5 43. Rh2 Qd1+ 44. Kg2 Rf6 45. Qe7 Qe2 46.
Qe5+ Rf5 47. Qg3+ Kf6 48. Rh4 Qf3+ 49. Qxf3 Rxf3 50. c4 Ke6 51. Rg4 Rc3 52.
cxd5+ Kxd5 53. Rg5+ Kxd4 54. Rb5 Rxc2 55. Rb4+ Kd3 56. Rb3+ Kc4 57. Rxb6 e3 58.
Rc6+ Kd3 59. Rxc2 Kxc2 60. fxe3 Kd3 61. Kf3 g5 62. e4 f6 63. e5 fxe5 64. Kg4 e4
0-1

[Event "37. Copenhagen Open (Politiken Cup)"]
[Site "Elsinore"]
[Date "2015.07.31"]
[Round "8"]
[White "Johansson, Linus"]
[Black "Christensen, Lasse"]
[Result "1-0"]
[WhiteElo "2379"]
[BlackElo "2168"]
[PlyCount "89"]
[EventDate "2015.07.25"]
[EventType "swiss"]
[EventRounds "10"]
[EventCountry "DEN"]
[Source "ChessBase"]
[SourceDate "2015.09.14"]

1. Nf3 Nf6 2. c4 e6 3. Nc3 d5 4. d4 Be7 5. Bg5 O-O 6. e3 b6 7. Be2 Bb7 8. Bxf6
Bxf6 9. cxd5 exd5 10. b4 c5 11. bxc5 bxc5 12. Rb1 Qa5 13. Qd2 cxd4 14. Nxd4
Bxd4 15. exd4 Ba6 16. Nb5 Qd8 17. O-O Nd7 18. Rfc1 Bxb5 19. Rxb5 Nb6 20. h3 h6
21. Rbc5 Re8 22. Bf3 Re7 23. a4 Rd7 24. a5 Nc4 25. R1xc4 dxc4 26. Bxa8 Rxd4 27.
Qc3 Rd1+ 28. Kh2 Qxa8 29. Qxc4 Qb8+ 30. f4 Qb1 31. Rc8+ Kh7 32. Qxf7 Rh1+ 33.
Kg3 Qe1+ 34. Kg4 Qe2+ 35. Kh4 Qe1+ 36. g3 Rxh3+ 37. Kxh3 Qh1+ 38. Kg4 Qd1+ 39.
Kf5 Qd3+ 40. Ke5 Qe2+ 41. Kd6 Qa6+ 42. Kc7 Qxa5+ 43. Kb8 Qb4+ 44. Qb7 Qd6+ 45.
Ka8 1-0

[Event "37. Copenhagen Open (Politiken Cup)"]
[Site "Elsinore"]
[Date "2015.07.31"]
[Round "8"]
[White "Jorgensen, Morten"]
[Black "Moller, Arne"]
[Result "1/2-1/2"]
[WhiteElo "1602"]
[BlackElo "1787"]
[PlyCount "66"]
[EventDate "2015.07.25"]
[EventType "swiss"]
[EventRounds "10"]
[EventCountry "DEN"]
[Source "ChessBase"]
[SourceDate "2015.09.14"]

1. c4 c5 2. Nc3 Nc6 3. g3 Nf6 4. Bg2 g6 5. Nf3 Bg7 6. e3 O-O 7. O-O d6 8. d4
Nd7 9. Re1 a6 10. a4 Na5 11. b3 cxd4 12. exd4 e6 13. Ba3 Nf6 14. Rb1 Re8 15.
Ne4 Nxe4 16. Rxe4 d5 17. cxd5 exd5 18. Rxe8+ Qxe8 19. Qd2 Nc6 20. Bc5 Bf5 21.
Re1 Qd7 22. a5 Re8 23. Rxe8+ Qxe8 24. Nh4 Be6 25. Qe1 Qd7 26. Nf3 Bf6 27. Qd2
Kg7 28. b4 h6 29. Kf1 Bf5 30. Ne1 Nd8 31. Qa2 Be6 32. Kg1 Nc6 33. Qd2 Bh3
1/2-1/2

[Event "37. Copenhagen Open (Politiken Cup)"]
[Site "Elsinore"]
[Date "2015.07.31"]
[Round "8"]
[White "Karlsson, Ulf"]
[Black "Larsen, Ole Bogh"]
[Result "1/2-1/2"]
[WhiteElo "2041"]
[BlackElo "2203"]
[PlyCount "93"]
[EventDate "2015.07.25"]
[EventType "swiss"]
[EventRounds "10"]
[EventCountry "DEN"]
[Source "ChessBase"]
[SourceDate "2015.09.14"]

1. e4 e5 2. Nf3 Nc6 3. d4 exd4 4. Nxd4 Bc5 5. Nxc6 Qf6 6. Qf3 dxc6 7. Qxf6 Nxf6
8. f3 Be6 9. Nc3 O-O-O 10. Bd2 Bf2+ 11. Ke2 Bc5 12. Be3 Bc4+ 13. Kf2 Rd2+ 14.
Kg3 Bxe3 15. Bxc4 Nh5+ 16. Kg4 Nf4 17. g3 h5+ 18. Kf5 g6+ 19. Kf6 Rd6+ 20. Ke7
Rd7+ 21. Kf6 Bd4+ 22. e5 Rd6+ 23. Kg5 Nh3+ 24. Kh4 Nf2 25. Ne4 Bxe5 26. Nxd6+
cxd6 27. Kg5 Nxh1 28. Rxh1 d5 29. Bd3 Bxb2 30. Re1 Rd8 31. f4 Rd6 32. f5 Bf6+
33. Kh6 h4 34. fxg6 fxg6 35. Bxg6 hxg3 36. hxg3 c5 37. g4 b5 38. g5 Bc3 39. Re7
a5 40. Kh7 c4 41. Bf5+ Kd8 42. Rb7 d4 43. Rxb5 d3 44. cxd3 cxd3 45. Rb8+ Ke7
46. Rb7+ Kd8 47. Rb8+ 1/2-1/2

[Event "37. Copenhagen Open (Politiken Cup)"]
[Site "Elsinore"]
[Date "2015.07.31"]
[Round "8"]
[White "Kistrup, Nicolai"]
[Black "Dalsberg, Sandra de Blecourt"]
[Result "0-1"]
[WhiteElo "1986"]
[BlackElo "2157"]
[PlyCount "114"]
[EventDate "2015.07.25"]
[EventType "swiss"]
[EventRounds "10"]
[EventCountry "DEN"]
[Source "ChessBase"]
[SourceDate "2015.09.14"]

1. d4 d5 2. Nf3 Nf6 3. c4 c6 4. e3 g6 5. Nc3 Bg7 6. Bd3 O-O 7. O-O a6 8. e4
dxc4 9. Bxc4 b5 10. Bd3 Bg4 11. e5 Nd5 12. Be4 Nb6 13. h3 Be6 14. Be3 Nc4 15.
b3 Nxe3 16. fxe3 Ra7 17. Ne2 Bd5 18. Qd3 c5 19. Bxd5 Qxd5 20. Nf4 Qa8 21. Rac1
cxd4 22. exd4 e6 23. h4 Nc6 24. Qe4 Ne7 25. Qxa8 Raxa8 26. g4 Rac8 27. Kf2 Rxc1
28. Rxc1 Rc8 29. Rxc8+ Nxc8 30. Ke3 Nb6 31. d5 exd5 32. Kd4 Kf8 33. Nxd5 Nxd5
34. Kxd5 Ke7 35. g5 h6 36. Nd4 hxg5 37. hxg5 Kd7 38. e6+ Ke8 39. Nf3 f6 40. Kc6
Ke7 41. Kb6 b4 42. Ka5 fxg5 43. Kxb4 g4 44. Nh4 g3 45. Ka5 Kxe6 46. Kxa6 g5 47.
Ng2 Ke5 48. a4 Ke4 49. a5 Kf3 50. Kb7 Kxg2 51. a6 Bd4 52. b4 Kh3 53. b5 g2 54.
b6 Bxb6 55. Kxb6 g1=Q+ 56. Kb7 Qa1 57. a7 Qxa7+ 0-1

[Event "37. Copenhagen Open (Politiken Cup)"]
[Site "Elsinore"]
[Date "2015.07.31"]
[Round "8"]
[White "Klings, Peter"]
[Black "Jensen, Thore Nyboe"]
[Result "1/2-1/2"]
[WhiteElo "2154"]
[BlackElo "2008"]
[PlyCount "103"]
[EventDate "2015.07.25"]
[EventType "swiss"]
[EventRounds "10"]
[EventCountry "DEN"]
[Source "ChessBase"]
[SourceDate "2015.09.14"]

1. Nf3 d5 2. c4 e6 3. e3 Nf6 4. b3 c5 5. Bb2 Nc6 6. cxd5 exd5 7. Bb5 Bd6 8. O-O
O-O 9. d4 cxd4 10. Bxc6 bxc6 11. Qxd4 Re8 12. Nbd2 Ba6 13. Rfe1 c5 14. Qc3 Rc8
15. Rad1 Bb7 16. h3 Qb6 17. Qc2 Bb8 18. Qf5 Qe6 19. Qg5 h6 20. Qh4 Nd7 21. Rc1
Rc6 22. e4 d4 23. b4 Qxa2 24. Rb1 Rb6 25. Ba1 Ne5 26. Rb2 Qa6 27. bxc5 Rxb2 28.
Bxb2 Nd3 29. Ra1 Qg6 30. Bxd4 Kh7 31. Rb1 Nf4 32. Qg4 Bxe4 33. Nxe4 Qxg4 34.
hxg4 Rxe4 35. Be3 Bc7 36. Rb7 Ne6 37. Rxa7 Rxg4 38. Kf1 h5 39. g3 f6 40. Ke2
Kg6 41. Nh4+ Kf7 42. Nf5 Rb4 43. Nd6+ Ke7 44. Kd3 Kd7 45. Kc3 Rg4 46. Nb5 Kc6
47. Ra6+ Kxb5 48. Rxe6 h4 49. gxh4 Rxh4 50. Kd3 Rg4 51. Re7 Kc6 52. Re4 1/2-1/2

[Event "37. Copenhagen Open (Politiken Cup)"]
[Site "Elsinore"]
[Date "2015.07.31"]
[Round "8"]
[White "Kristensen, Lars Ostergaard"]
[Black "Jorgensen, Alexander Torp"]
[Result "1-0"]
[WhiteElo "1675"]
[BlackElo "1842"]
[PlyCount "53"]
[EventDate "2015.07.25"]
[EventType "swiss"]
[EventRounds "10"]
[EventCountry "DEN"]
[Source "ChessBase"]
[SourceDate "2015.09.14"]

1. d4 Nf6 2. c4 g6 3. Nc3 d5 4. Nf3 Bg7 5. Qb3 dxc4 6. Qxc4 O-O 7. e4 b6 8. Bf4
c5 9. Rd1 Ba6 10. Qb3 Bxf1 11. Kxf1 cxd4 12. Rxd4 Nbd7 13. e5 Nh5 14. Bg5 h6
15. Bh4 g5 16. Bg3 Nxg3+ 17. hxg3 Qc7 18. Rc4 Qb7 19. Qc2 Rfc8 20. Rg4 f5 21.
Nxg5 fxg4 22. Qh7+ Kf8 23. Rxh6 Nxe5 24. Ne6+ Ke8 25. Qxg7 Rxc3 26. bxc3 Qd5
27. Nc7+ 1-0

[Event "37. Copenhagen Open (Politiken Cup)"]
[Site "Elsinore"]
[Date "2015.07.31"]
[Round "8"]
[White "Kristensen, Thomas Overgaard"]
[Black "Pedersen, Carl Aage"]
[Result "1/2-1/2"]
[WhiteElo "1545"]
[BlackElo "1778"]
[PlyCount "68"]
[EventDate "2015.07.25"]
[EventType "swiss"]
[EventRounds "10"]
[EventCountry "DEN"]
[Source "ChessBase"]
[SourceDate "2015.09.14"]

1. d4 d5 2. c4 e6 3. Nc3 Nf6 4. cxd5 exd5 5. Bg5 Be7 6. e3 O-O 7. Bd3 c6 8.
Nge2 h6 9. h4 Nbd7 10. Qc2 c5 11. Bf4 a6 12. O-O-O b5 13. g4 b4 14. g5 c4 15.
Bf5 bxc3 16. Nxc3 Nh5 17. gxh6 Ndf6 18. hxg7 Nxg7 19. Rhg1 Kh8 20. Bxc8 Qxc8
21. Be5 Qe6 22. h5 Rg8 23. h6 Nf5 24. Nxd5 Rxg1 25. Rxg1 Rg8 26. Rxg8+ Kxg8 27.
Nxe7+ Nxe7 28. Bxf6 Qxf6 29. h7+ Kh8 30. Qxc4 Qxf2 31. Qd3 Nd5 32. Qd2 Qf1+ 33.
Qd1 Qc4+ 34. Qc2 Qf1+ 1/2-1/2

[Event "37. Copenhagen Open (Politiken Cup)"]
[Site "Elsinore"]
[Date "2015.07.31"]
[Round "8"]
[White "Kristiansen, Tore"]
[Black "Stuhr, Peter Sebastian"]
[Result "0-1"]
[WhiteElo "1784"]
[BlackElo "1999"]
[PlyCount "62"]
[EventDate "2015.07.25"]
[EventType "swiss"]
[EventRounds "10"]
[EventCountry "DEN"]
[Source "ChessBase"]
[SourceDate "2015.09.14"]

1. d4 d6 2. e4 Nf6 3. Nc3 e5 4. Nf3 Nbd7 5. Bc4 Be7 6. O-O h6 7. Bb3 c6 8. h3
Qc7 9. Be3 g5 10. Nd2 Nf8 11. d5 Ng6 12. dxc6 bxc6 13. Ba4 Bd7 14. f3 Nf4 15.
Bxf4 gxf4 16. Nc4 Nh5 17. Qd3 Rg8 18. Rf2 Rg6 19. Rd1 O-O-O 20. Kf1 Ng3+ 21.
Ke1 Bh4 22. Nxd6+ Rxd6 23. Qxd6 Nh1 24. Qxh6 Bxf2+ 25. Ke2 Qb6 26. Rxh1 Qe3+
27. Kd1 Be6+ 28. Nd5 cxd5 29. c3 dxe4+ 30. Kc2 Qd3+ 31. Kc1 Be3# 0-1

[Event "37. Copenhagen Open (Politiken Cup)"]
[Site "Elsinore"]
[Date "2015.07.31"]
[Round "8"]
[White "Kristoffersen, Haakon"]
[Black "Larsen, Steen"]
[Result "1-0"]
[WhiteElo "1692"]
[BlackElo "1141"]
[PlyCount "85"]
[EventDate "2015.07.25"]
[EventType "swiss"]
[EventRounds "10"]
[EventCountry "DEN"]
[Source "ChessBase"]
[SourceDate "2015.09.14"]

1. e4 e6 2. d4 Nc6 3. Nc3 Bb4 4. Bc4 Nf6 5. Bg5 h6 6. Bxf6 gxf6 7. Nf3 e5 8.
dxe5 Nxe5 9. Nxe5 fxe5 10. Qh5 Bxc3+ 11. bxc3 Qf6 12. Bxf7+ Kf8 13. Bb3 d6 14.
O-O-O Be6 15. Rd3 Bf7 16. Bxf7 Qg5+ 17. Qxg5 hxg5 18. Bb3 Ke7 19. Rg3 Kf6 20.
Kd2 Raf8 21. Rf3+ Ke7 22. Rxf8 Rxf8 23. Ke3 g4 24. h4 Kf6 25. g3 Kg6 26. Be6
Rf3+ 27. Ke2 Rxc3 28. Kd2 Rf3 29. Rh2 Kh5 30. c3 Rf6 31. Bf5 c6 32. Ke3 d5 33.
f3 gxf3 34. g4+ Kh6 35. g5+ Kg7 36. gxf6+ Kxf6 37. Kxf3 d4 38. cxd4 exd4 39. h5
Kg7 40. h6+ Kh8 41. h7 d3 42. Rg2 d2 43. Rg8# 1-0

[Event "37. Copenhagen Open (Politiken Cup)"]
[Site "Elsinore"]
[Date "2015.07.31"]
[Round "8"]
[White "Kunin, Vitaly L"]
[Black "Holm, Kristian Stuvik"]
[Result "1/2-1/2"]
[WhiteElo "2576"]
[BlackElo "2398"]
[PlyCount "220"]
[EventDate "2015.07.25"]
[EventType "swiss"]
[EventRounds "10"]
[EventCountry "DEN"]
[Source "ChessBase"]
[SourceDate "2015.09.14"]

1. Nf3 Nf6 2. c4 c5 3. Nc3 Nc6 4. g3 g6 5. d4 cxd4 6. Nxd4 d6 7. Bg2 Bd7 8. O-O
Bg7 9. Nxc6 Bxc6 10. e4 O-O 11. Be3 Qa5 12. Rc1 Rfc8 13. a3 a6 14. Re1 Nd7 15.
Bh3 e6 16. Bg2 Ne5 17. Bd4 Be8 18. b4 Qxa3 19. Rb1 Rxc4 20. Bxe5 Bxe5 21. Rb3
Qxb3 22. Qxb3 Rxc3 23. Qd1 Ra3 24. Qc1 Ra1 25. Qd2 Rxe1+ 26. Qxe1 Rc8 27. h4 h5
28. Qd2 Ba4 29. Bf1 Rc2 30. Qe3 Rc3 31. Qd2 Rc2 32. Qe3 Bc6 33. Bg2 Rc4 34. Qb3
Rc3 35. Qd1 Ra3 36. Kh2 Ra2 37. f3 Rb2 38. Qe1 Bg7 39. Kh3 d5 40. exd5 Bxd5 41.
Qc1 Rxb4 42. Qc8+ Bf8 43. f4 Bxg2+ 44. Kxg2 Rb5 45. Qd7 b6 46. Kh3 Rb3 47. Kg2
Rb5 48. Kh3 Rd5 49. Qa7 a5 50. Qxb6 a4 51. Qa6 a3 52. g4 hxg4+ 53. Kxg4 Rf5 54.
Qa8 Kg7 55. Qa7 Bc5 56. Qa4 Be7 57. Qa7 Bf6 58. Qxa3 Rh5 59. Qd3 Rxh4+ 60. Kg3
Rh5 61. Qd7 Rd5 62. Qb7 Rf5 63. Qd7 Bc3 64. Qd3 Ba5 65. Kg4 Kh7 66. Qd7 Bc3 67.
Qb7 Bg7 68. Qh1+ Bh6 69. Kg3 Rxf4 70. Qa1 Rf5 71. Qb2 Bf4+ 72. Kg4 Be5 73. Qb7
Kg7 74. Qd7 Bf6 75. Qb7 e5 76. Kg3 Rf4 77. Qc7 Rd4 78. Qb7 Rd3+ 79. Kg4 e4 80.
Qb5 Rc3 81. Qd5 Rd3 82. Qb5 Rf3 83. Qe8 g5 84. Qb5 Rf4+ 85. Kg3 Kg6 86. Qb6 Rf5
87. Qb1 Re5 88. Kf2 Be7 89. Qb6+ Re6 90. Qb8 e3+ 91. Ke2 Kg7 92. Qb2+ Bf6 93.
Qb5 Re5 94. Qd7 Be7 95. Qd4 f6 96. Qd7 Kf7 97. Qh3 Kg7 98. Qd7 f5 99. Qd4 Bf6
100. Qd7+ Kg6 101. Qc8 f4 102. Qg4 Ra5 103. Kf3 Ra1 104. Qe6 Rf1+ 105. Kg4 Rg1+
106. Kf3 Rg3+ 107. Ke4 e2 108. Qe8+ Kg7 109. Kf5 e1=Q 110. Qf7+ Kxf7 1/2-1/2

[Event "37. Copenhagen Open (Politiken Cup)"]
[Site "Elsinore"]
[Date "2015.07.31"]
[Round "8"]
[White "Kvamme, John Agnar"]
[Black "Nielsen, Hogni Egilstoft"]
[Result "0-1"]
[WhiteElo "2158"]
[BlackElo "2338"]
[PlyCount "90"]
[EventDate "2015.07.25"]
[EventType "swiss"]
[EventRounds "10"]
[EventCountry "DEN"]
[Source "ChessBase"]
[SourceDate "2015.09.14"]

1. Nf3 g6 2. d4 Bg7 3. e4 d6 4. c3 Nf6 5. Nbd2 O-O 6. Be2 Nc6 7. O-O e5 8. dxe5
Nxe5 9. Nxe5 dxe5 10. Qc2 b6 11. Nc4 Qe7 12. a4 Bb7 13. f3 Nh5 14. Re1 a5 15.
Be3 Nf4 16. Bf1 Rfd8 17. Rad1 Bc6 18. Rxd8+ Rxd8 19. Rd1 Rxd1 20. Qxd1 Ne6 21.
Na3 Bf6 22. Bb5 Bb7 23. Bc4 Kg7 24. Bd5 Ba6 25. Bc4 Bb7 26. Bd5 Bc8 27. Qb3 Bg5
28. Bf2 Bd7 29. Qc2 Nc5 30. Bb3 Nxb3 31. Qxb3 Qd6 32. Qc2 Be6 33. Kf1 Be7 34.
Ke1 Qc6 35. Nb1 Qc4 36. Nd2 Qa2 37. Kd1 Qa1+ 38. Qb1 Qxa4+ 39. b3 Qa3 40. Kc2
b5 41. Qb2 Qd6 42. Qa1 Bg5 43. Nb1 a4 44. bxa4 Bc4 45. Kb2 Qd1 0-1

[Event "37. Copenhagen Open (Politiken Cup)"]
[Site "Elsinore"]
[Date "2015.07.31"]
[Round "8"]
[White "Langvik, Ulrikke"]
[Black "Jacobsen, Per"]
[Result "0-1"]
[WhiteElo "1405"]
[BlackElo "1680"]
[PlyCount "50"]
[EventDate "2015.07.25"]
[EventType "swiss"]
[EventRounds "10"]
[EventCountry "DEN"]
[Source "ChessBase"]
[SourceDate "2015.09.14"]

1. e4 Nf6 2. Nc3 d6 3. d4 g6 4. f3 Bg7 5. Be3 O-O 6. Qd2 Re8 7. O-O-O c6 8. Bh6
Bh8 9. h4 b5 10. h5 Qa5 11. Kb1 b4 12. Nce2 Nxh5 13. Nc1 Nf6 14. Nb3 Qb6 15. g4
a5 16. d5 a4 17. Nc1 a3 18. Nd3 cxd5 19. exd5 Nxd5 20. Bg5 Nc3+ 21. Kc1 Nxa2+
22. Kb1 Nc3+ 23. Ka1 axb2+ 24. Kxb2 Ne4+ 25. Kc1 Ra1# 0-1

[Event "37. Copenhagen Open (Politiken Cup)"]
[Site "Elsinore"]
[Date "2015.07.31"]
[Round "8"]
[White "Laustsen, Lars"]
[Black "Steenstrup, Svend"]
[Result "1/2-1/2"]
[WhiteElo "2098"]
[BlackElo "1914"]
[PlyCount "127"]
[EventDate "2015.07.25"]
[EventType "swiss"]
[EventRounds "10"]
[EventCountry "DEN"]
[Source "ChessBase"]
[SourceDate "2015.09.14"]

1. d4 g6 2. c4 Nf6 3. Nc3 d5 4. Nf3 Bg7 5. Qb3 dxc4 6. Qxc4 O-O 7. e4 Na6 8.
Be2 Nd7 9. O-O Nb6 10. Qd3 Nb4 11. Qd1 Bg4 12. Be3 a5 13. a3 Nc6 14. d5 Ne5 15.
Nxe5 Bxe2 16. Nxf7 Bxd1 17. Nxd8 Raxd8 18. Bxb6 cxb6 19. Raxd1 Rc8 20. Rd3 Rc4
21. f3 Bd4+ 22. Kh1 Rfc8 23. d6 exd6 24. Nd5 Kf7 25. Rfd1 a4 26. h3 Bc5 27. Nc3
Ke6 28. Kh2 Rc6 29. Nd5 Rc2 30. R1d2 Rxd2 31. Rxd2 b5 32. g4 Ke5 33. Kg3 Bd4
34. Nb4 Rc4 35. Nd3+ Ke6 36. f4 Be3 37. Re2 Bd4 38. Kf3 b6 39. h4 Bc5 40. f5+
Kf7 41. e5 gxf5 42. e6+ Ke8 43. gxf5 Bd4 44. Nf4 Be5 45. Nd3 Bd4 46. Re4 Bf6
47. Rg4 Kf8 48. Rf4 Bxh4 49. Nb4 Bf6 50. Nd5 Bxb2 51. f6 Rxf4+ 52. Kxf4 Bxf6
53. Nxf6 b4 54. e7+ Kxe7 55. Nd5+ Ke6 56. Nxb4 h5 57. Na2 Kd5 58. Nc3+ Kc4 59.
Nxa4 b5 60. Nb6+ Kb3 61. Nc8 d5 62. Nd6 b4 63. axb4 Kxb4 64. Nf5 1/2-1/2

[Event "37. Copenhagen Open (Politiken Cup)"]
[Site "Elsinore"]
[Date "2015.07.31"]
[Round "8"]
[White "Levrand, Roland"]
[Black "Papp, Petra"]
[Result "0-1"]
[WhiteElo "2146"]
[BlackElo "2300"]
[PlyCount "58"]
[EventDate "2015.07.25"]
[EventType "swiss"]
[EventRounds "10"]
[EventCountry "DEN"]
[Source "ChessBase"]
[SourceDate "2015.09.14"]

1. e4 c5 2. Nf3 d6 3. d4 cxd4 4. Nxd4 Nf6 5. Nc3 a6 6. Bg5 Nbd7 7. f4 Qc7 8.
Qe2 e5 9. Nf5 h6 10. fxe5 dxe5 11. Bd2 b5 12. O-O-O Bb7 13. g4 Rc8 14. Be1 Nxe4
15. Nd5 Bxd5 16. Rxd5 Ndf6 17. Rd3 g6 18. Ng3 Nc5 19. Re3 Nfd7 20. Bc3 Bg7 21.
Bg2 O-O 22. h4 Ne6 23. Re1 b4 24. Bxb4 Nd4 25. Qf2 Qxc2+ 26. Qxc2 Nxc2 27. Bc3
Nxe1 28. Rxe1 Nc5 29. Kb1 Rfe8 0-1

[Event "37. Copenhagen Open (Politiken Cup)"]
[Site "Elsinore"]
[Date "2015.07.31"]
[Round "8"]
[White "Liedbeck, Patrik"]
[Black "Lund, Gunnar"]
[Result "1-0"]
[WhiteElo "1986"]
[BlackElo "1765"]
[PlyCount "45"]
[EventDate "2015.07.25"]
[EventType "swiss"]
[EventRounds "10"]
[EventCountry "DEN"]
[Source "ChessBase"]
[SourceDate "2015.09.14"]

1. e4 Nf6 2. e5 Nd5 3. d4 d6 4. Nf3 dxe5 5. Nxe5 c6 6. Be2 Nd7 7. Nxd7 Bxd7 8.
c4 Nf6 9. Nc3 Bf5 10. O-O e6 11. Be3 Bd6 12. Qd2 Qc7 13. h3 O-O-O 14. Rac1 Ne4
15. Nxe4 Bxe4 16. c5 Bh2+ 17. Kh1 e5 18. Kxh2 exd4+ 19. Bf4 Qe7 20. Rfe1 g5 21.
Bg4+ f5 22. Rxe4 fxg4 23. Rxe7 1-0

[Event "37. Copenhagen Open (Politiken Cup)"]
[Site "Elsinore"]
[Date "2015.07.31"]
[Round "8"]
[White "Linderod, Lars Erik"]
[Black "Neu, Alexandre"]
[Result "1/2-1/2"]
[WhiteElo "1912"]
[BlackElo "1741"]
[PlyCount "55"]
[EventDate "2015.07.25"]
[EventType "swiss"]
[EventRounds "10"]
[EventCountry "DEN"]
[Source "ChessBase"]
[SourceDate "2015.09.14"]

1. e4 c5 2. Nf3 d6 3. Bb5+ Nd7 4. c3 Ngf6 5. Qe2 a6 6. Ba4 e5 7. O-O b5 8. Bc2
Be7 9. Rd1 Qc7 10. d4 O-O 11. dxe5 dxe5 12. Nbd2 Bb7 13. Nf1 c4 14. Bg5 Nc5 15.
Ng3 h6 16. Bxf6 Bxf6 17. Rd2 g6 18. Qe3 Bg7 19. Rad1 Rfe8 20. b4 Ne6 21. Rd7
Qc8 22. R7d6 Qb8 23. R6d2 Qc7 24. h4 Rad8 25. h5 Rxd2 26. Rxd2 Nf4 27. hxg6
fxg6 28. a4 1/2-1/2